000
00351nam a2200145Ia 4500
100
_a
Husain K.
650
_a
General
942
_c
BK
654
_a
Engineering
245
_a
Engineering Education and Technology : Quest for New Horizon
260
_b
Dharma Sastha printing
_a
Bombay
_c
1995
300
_a
179
546
_a
ENGLISH
999
_c
17865
_d
17865